| 000 | 00506nam a2200169Ia 4500 | ||
|---|---|---|---|
| 999 |
_c28863 _d28863 |
||
| 003 | OSt | ||
| 005 | 20260416152738.0 | ||
| 008 | 190216s9999||||xx |||||||||||||| ||und|| | ||
| 040 | _coclc | ||
| 082 |
_a894.8124 _bYAT/P |
||
| 100 |
_aYati, Nitya Chaitanya _96870 |
||
| 245 | 0 |
_aParivarthanonmugha Vidhyabhyasam / _cNitya Chaithanya Yati |
|
| 260 |
_bMalbery Books, _aKozhikode; _c2002. |
||
| 300 | _a191p | ||
| 650 | _aLekhanam | ||
| 942 |
_cBK _2ddc _h894.8124 _iYAT/P _k894.8124 _mYAT/P |
||